01160nam a22002177a 450000500170000000800410001702000180005804100080007608200210008424500410010526000130014626000190015926000090017830000180018750506270020565000160083265000190084894200130086799900170088095200450089720240208162455.0240208b2019 |||||||| |||| 00| 0 spa d a9788417430474 aESP a808.838.72 A634a aAntología de relatos de detectives aEspaña bEditorial Alma c2019 a316 páginas aContenido: Alymer Vance y la vampira, Alice y Claude Askew. El crimen del capitán Gahacán, G.K. Chesterton. El par de guantes, Charles Dickens. Un toque de astucia, Charles Dickens. La aventura del aristócrata soltero, Arthur Conan Doyle. El tren especial desaparecido, Arthur Conan Doyle. El misterio de la celda 13, Jacques Futrelle. La mano, Guy de Maupassant. Los asesinatos de la Rue Morgue, Edgar Allan Poe. La carta robada, Edgar Allan Poe. La cerila sueca, Antón Chéjov. El robo del elefante blanco, Mark Twain. El criminal perfecto, Edgar Wallaca. El diamante número setenta y cuatro, Edagar Wallace.  aLITERATURA  aCUENTOS CORTOS 2ddccLIT c13615d13615 o808.838.72 A634ap25885q2026-06-04yLIT